000 00360 a2200157 4500
001 73754
020 _a8588543346
040 _cAnchieta - Colégio São Paulo
100 _aCarvalho, Ruy Duarte de Carvalho
240 1 0 _aHábito da terra
_lpor
245 1 0 _aHábito da terra
300 _a73
362 0 _a2004
650 4 _aPoesia brasileira
942 _cBK
999 _c73754
_d73754